000 00789cam a2200229 a 4500
001 11882881
005 20250127100539.0
008 000106s2000 cau b 000 0 eng
020 _a0534528392
050 0 0 _aHQ1075
_b.G462 2000
082 0 0 _a305.3
_221
245 0 0 _aGender basics :
_bfeminist perspectives on women and men /
_c[edited by] Anne Minas.
250 _a2nd ed.
260 _aBelmont, CA :
_bWadsworth/Thomson Learning,
_c2000.
300 _axvi, 557 p. ;
_c24 cm.
650 0 _aSex role.
650 0 _aFeminist theory.
700 1 _aMinas, Anne.
856 4 2 _3Publisher description
_uhttp://www.loc.gov/catdir/enhancements/fy1103/00020517-d.html
856 4 1 _3Table of contents only
_uhttp://www.loc.gov/catdir/enhancements/fy1215/00020517-t.html
942 _2lcc
_cBK
_n0
999 _c3088
_d3088